Areas Visited in the Jurassic Park Universe - Statistics

General Stats
  • This quiz has been taken 15 times
  • The average score is 5 of 20
Answer Stats
Location % Correct
Isla Nublar
85%
Isla Sorna
77%
California
69%
Costa Rica
62%
Italy
46%
Malta
46%
Montana
38%
New York
31%
Dominican Republic
15%
Suriname
15%
Colorado
8%
Île Saint-Hubert
8%
Nevada
8%
Senegal
8%
Texas
8%
Wyoming
8%
Mantah Corp Island
0%
United Arab Emirates
0%
Utah
0%
Wisconsin
0%
No matching quizzes found
Score Distribution
Percent of People with Each Score
Percentile by Number Answered
Your Score History
You have not taken this quiz